پھر کبھی آنا اے موت / (Record no. 107824)

MARC details
000 -LEADER
fixed length control field 00947nam a22002657a 4500
005 - DATE AND TIME OF LATEST TRANSACTION
control field 20170123162331.0
010 ## - LIBRARY OF CONGRESS CONTROL NUMBER
LC control number A-842737
020 ## - INTERNATIONAL STANDARD BOOK NUMBER
Terms of availability 100.00
035 ## - SYSTEM CONTROL NUMBER
System control number A-842737
037 ## - SOURCE OF ACQUISITION
Source of stock number/acquisition Cen Lib/Ret
040 ## - CATALOGING SOURCE
Original cataloging agency DPL
Language of cataloging UR
082 ## - DEWEY DECIMAL CLASSIFICATION NUMBER
Classification number 841
Item number م ہ ا
100 ## - MAIN ENTRY--PERSONAL NAME
Personal name مہاپاترا، ستاکانت
9 (RLIN) 121758
245 ## - TITLE STATEMENT
Title پھر کبھی آنا اے موت /
Statement of responsibility, etc ستا کانت مہاپاترا ؛ مرتجم راجندر سنگھ ورما
246 ## - VARYING FORM OF TITLE
Title proper/short title Phir kabhi aana ay maut /
Remainder of title by Sitakant Mahapatra ; translated by Rajinder Verma
260 ## - PUBLICATION, DISTRIBUTION, ETC. (IMPRINT)
Place of publication, distribution, etc ملیر کوٹلہ
Name of publisher, distributor, etc امروز کتب
Date of publication, distribution, etc 1992
270 ## - ADDRESS
City ملیر کوٹلہ
300 ## - PHYSICAL DESCRIPTION
Extent 128p.
Dimensions 21cm(Hb)
650 ## - SUBJECT ADDED ENTRY--TOPICAL TERM
Topical term or geographic name as entry element ادب - ہندی
9 (RLIN) 121759
650 ## - SUBJECT ADDED ENTRY--TOPICAL TERM
Topical term or geographic name as entry element ہندی شاعری
9 (RLIN) 121760
650 ## - SUBJECT ADDED ENTRY--TOPICAL TERM
Topical term or geographic name as entry element Literature -- Hindia
9 (RLIN) 121761
650 ## - SUBJECT ADDED ENTRY--TOPICAL TERM
Topical term or geographic name as entry element Hindi poetry
9 (RLIN) 121762
700 ## - ADDED ENTRY--PERSONAL NAME
Personal name ورما، راجندر سنگھ
9 (RLIN) 109634
942 ## - ADDED ENTRY ELEMENTS (KOHA)
Source of classification or shelving scheme Dewey Decimal Classification
Koha item type Urdu Bks
Classification part 841
Call number suffix م ہ ا
Holdings
Withdrawn status Lost status Damaged status Not for loan Home library Current library Date acquired Source of acquisition Cost, normal purchase price Total Checkouts Full call number Barcode Date last seen Copy number Cost, replacement price Price effective from Koha item type
        Central Library Central Library 12/01/2016 Cen Lib/Ret 20.00   841 م ہ ا A-842737 12/01/2016 1 20.00 12/01/2016 Urdu Bks

© Delhi Public Library
Hit Counter
free hit counter